Co może mieć miętowy smak? - Statystyki

Ogólne statystyki
  • Ten quiz został rozwiązany 60 razy
  • Średni wynik to 3 z 7
Statystyki odpowiedzi
Odpowiedź % Poprawnych
Guma do żucia
63%
Cukierek
61%
Herbata
57%
Czekolada
50%
Pasta do zębów
48%
Papieros
30%
Wódka
9%
Nie znaleziono quizów pasujących do podanych kryteriów
Rozkład punktacji
Procent ludzi z każdym wynikiem
Percentyl według liczby udzielonych odpowiedzi
Twoja historia wyników
Nie rozwiązałeś tego quizu